Work of children on Illinois farms, (Record no. 35846)

MARC details
000 -LEADER
fixed length control field 01441cam a22002771 4500
001 - CONTROL NUMBER
control field l 27000024
003 - CONTROL NUMBER IDENTIFIER
control field DLC
005 - DATE AND TIME OF LATEST TRANSACTION
control field 20260227111531.0
008 - FIXED-LENGTH DATA ELEMENTS--GENERAL INFORMATION
fixed length control field 850801s1926 dcuf f000 0 eng c
010 ## - LIBRARY OF CONGRESS CONTROL NUMBER
LC control number l 27000024
035 ## - SYSTEM CONTROL NUMBER
System control number (OCoLC)12334895
040 ## - CATALOGING SOURCE
Original cataloging agency U.S. Dept. of Labor. Libr.
Transcribing agency CLU
Modifying agency DLC
050 00 - LIBRARY OF CONGRESS CALL NUMBER
Classification number HV741
Item number .A32 no. 168
100 1# - MAIN ENTRY--PERSONAL NAME
Personal name Burke, Dorothy May Williams.
245 10 - TITLE STATEMENT
Title Work of children on Illinois farms,
Statement of responsibility, etc. by Dorothy Williams and Mary E. Skinner ...
260 ## - PUBLICATION, DISTRIBUTION, ETC.
Place of publication, distribution, etc. Washington,
Name of publisher, distributor, etc. Govt. Print. Off.,
Date of publication, distribution, etc. 1926.
300 ## - PHYSICAL DESCRIPTION
Extent v, 48 p.
Other physical details plates.
Dimensions 23 cm.
490 0# - SERIES STATEMENT
Series statement United States. Children's Bureau. Bureau publication
Volume/sequential designation no. 168
500 ## - GENERAL NOTE
General note At head of title: U.S. Department of Labor. James J. Davis, secretary. Children's Bureau. Grace Abbott, chief.
500 ## - GENERAL NOTE
General note "The ninth and last of a series of studies of the labor of children on farms, with special reference to school attendance."
500 ## - GENERAL NOTE
General note "The investigation upon which the report was based was planned and carried out under the general supervision of Ellen Nathalie Matthews ... Dorothy M. Williams directed the field work and wrote the report for the Chicago truck-farming district and Mary E. Skinner for the general-farming counties."--Letter of transmittal.
650 #0 - SUBJECT ADDED ENTRY--TOPICAL TERM
Topical term or geographic name entry element Child labor
Geographic subdivision Illinois.
650 #0 - SUBJECT ADDED ENTRY--TOPICAL TERM
Topical term or geographic name entry element Agricultural laborers
Geographic subdivision Illinois.
700 1# - ADDED ENTRY--PERSONAL NAME
Personal name Matthews, Ellen Nathalie,
Dates associated with a name 1884-
700 1# - ADDED ENTRY--PERSONAL NAME
Personal name Skinner, Mary Elizabeth,
Dates associated with a name 1886-1950.

No items available.

Powered by Koha